000 00449nam a22001817a 4500
003 MPLRDC
005 20220104173824.0
008 210129b ||||| |||| 00| 0 eng d
020 _a967-978-368-5
082 _a563.6386 YONG-2
100 _aOTHMAN YONG
245 _aMAKING MONEY IN THE STOCK MARKET
_c
250 _a初版
260 _a
_bPELANDUK PUBLICATIONS SDN BHD
_c1991
300 _b
650 _a
942 _cBK
_o563.6386 YONG-2
999 _c59588
_d59578